Statistics for Pokemon Go: All Items Quiz

Click here to take the quiz!

General Stats

  • This quiz has been taken 75 times
    (74 since last reset)
  • The average score is 17 of 27

Answer Stats

HintAnswer% Correct
BallsPokeball
98%
Ultra Ball
98%
Great Ball
97%
BerriesRazz Berry
88%
Nanab Berry
86%
Pinap Berry
84%
Max Potion
83%
PotionsPotion
83%
Super Potion
81%
Hyper Potion
78%
Golden Razz Berry
72%
Premier Ball
72%
Metal Coat
71%
King's Rock
66%
Sun Stone
64%
RaidsRaid Pass
60%
Up-Grade
60%
Evolution ItemsDragon Scale
59%
Incense
40%
Lucky Egg
40%
Rare Candy
40%
Star Piece
38%
Revive
36%
Max Revive
34%
MiscellaneousLure Module
31%
Fast TM
29%
Charged TM
26%

Score Distribution

Percentile by Number Answered

Percent of People with Each Score

Your Score History

You have not taken this quiz since the last reset